Schaum's outline of theory and problems of combinatorics /

Zapisane w:
Opis bibliograficzny
1. autor: Balakrishnan, V. K., 1931.
Format: Książka
Język:English
Wydane: New York : McGraw-Hill, 1995.
Hasła przedmiotowe:
Etykiety: Dodaj etykietę
Nie ma etykietki, Dołącz pierwszą etykiete!
Thư viện lưu trữ: Mạng thư viện Đại học Đà Nẵng
LEADER 00845cam a2200313 i 4500
001 000046022
003 5288
005 20030214144418.0
008 010220|1995 vm 000 eng
020 |a 007003575X 
040 |a IRC  |c IRC  |d IRC 
041 0 |a eng 
082 1 4 |a 511.6076  |b BA-V 
100 1 |a Balakrishnan, V. K.,  |d 1931. 
245 0 0 |a Schaum's outline of theory and problems of combinatorics /  |c V. K. Balakrishnan, 1931. 
260 |a New York :  |b McGraw-Hill,  |c 1995. 
300 |a viii, 200p. :  |b ill. 
630 0 4 |a Mathematics. 
650 0 4 |a Combinatorial analysis  |x Outlines, syllabi, etc. 
OWN |a DUT 
999 |a From the UDN01 
TYP |a Monograph 
TYP |a Printed language 
980 |a Mạng thư viện Đại học Đà Nẵng